MDQL
is popping MORE tags! Check the
thread
!
Quizzes
Events
Quiz Creation
Community
Videos
Private Events
Remove Ads
Sign In
Join for FREE
Feedback
Dark Mode
Quiz Categories
Sports
Geography
Music
Movies
Television
Just For Fun
Miscellaneous
History
Literature
Language
Science
Gaming
Entertainment
Religion
Holiday
For Kids
Quiz Lab
Recent
Popular Today
Quiz Kudos Today
Editor Picks
Curator Picks
Quizzes by...
Day
Popularity
Type
Ratings
Length
Year
Community
Subscriptions
Recent Discussions
Orange Saloon
Badges
Playlists
Quests
Create
Leaderboards
Showdown
Live 5
Trivia Bingo
Activity
Puzzle Library
Sporcle Events
Private Events
Virtual Trivia
Globe League
Become a Host
Pub Owners
SporcleCon
Opinionation
Our Games
Videos
Blog
Mobile Apps
Partnerships
Remove Ads and Go Orange
Feedback
Gaming
Video Games
Board Games
Card Games
Pokémon
Mario
Nintendo
Minecraft
Console
Toys
Legend of Zelda
Gaming
Video Games
Board Games
Card Games
Pokémon
Mario
Nintendo
Minecraft
Console
Toys
Legend of Zelda
Random Quiz
Search Sporcle
×
Quiz Lab
Quiz Lab
Gaming
Quote
Type in answers that appear in a list
Type in answers that appear in a list
Classic
Best Score? Go Orange.
Civilization 4 Tech Quotes Stats
Can you name the technologies from Civilization IV by their quotes?
By
oxguy3
12m
86 Questions
2,318 Plays
2,318 Plays
2,318 Plays
Comments
Comments
Give Quiz Kudos
Give Quiz Kudos
-
- Ratings
hide this ad
Forced Order
Answers have to be entered in order
Answers have to be entered in order
Replay
Link that replays current quiz
Next Quiz
Link to next quiz in quiz playlist
You Got
0%
They Got
Avg Score
62%
Avg Friend Score
Upgrade to see
Score Distribution
Jump to the score distribution portion of the page
Score
0/86
Timer
12:00
0
Plays Today
Quote
Technology
% Correct
'Give a man a fish and you feed him for a day. Teach a man how to fish and you feed him for a lifetime.'
Fishing
96.8%
'Oh farmers, pray that your summers be wet and your winters clear.'
Agriculture
94%
'Put your shoulder to the wheel.'
The Wheel
93.2%
'If you chase two rabbits, you will lose them both.'
Hunting
92.2%
'Do not throw the arrow which will return against you.'
Archery
91.5%
'Hath not the potter power over the clay, to make one vessel unto honor, and another unto dishonor?'
Pottery
90.9%
'You can't direct the wind, but you can adjust your sails.'
Sailing
90.6%
'True glory consists in doing what deserves to be written; in writing what deserves to be read.'
Writing
87.3%
'It is entirely seemly for a young man killed in battle to lie mangled by the bronze spear. In his death all things appear fair.'
Bronze Working
86.1%
'You should hammer your iron when it is glowing hot.'
Iron Working
85.1%
'If in other sciences we should arrive at certainty without doubt and truth without error, it behooves us to place the foundations of knowledge in mathematics.'
Mathematics
84.6%
'Meditation brings wisdom; lack of meditation leaves ignorance. Know well what leads you forward and what holds you back.'
Meditation
83.8%
'I am the Lord thy God. Thou shalt have no other gods before Me.'
Monotheism
82.3%
'It is from their foes, not their friends, that cities learn the lesson of building high walls.'
Masonry
82.1%
'The man who moves a mountain begins by carrying away small stones.'
Mining
81.4%
'A multitude of rulers is not a good thing. Let there be one ruler, one king.'
Monarchy
81.3%
'Blessed be the fruit of thy cattle, the increase of thy kine, and the flocks of thy sheep.'
Animal Husbandry
81.1%
'If you speak the truth, have a foot in the stirrup.'
Horseback Riding
81%
'If music be the food of love, play on.'
Music
81%
'All the world's a stage, And all the men and women merely players. They have their exits and their entrances; And one man in his time plays many parts.'
Drama
80.2%
'Not at all similar are the race of the immortal gods and the race of men who walk upon the earth.'
Polytheism
78.8%
'Banking establishments are more dangerous than standing armies.'
Banking
77.5%
'I have gained this by philosophy: that I do without being commanded what others do only from fear of the law.'
Philosophy
77.2%
'What gunpowder did for war, the printing press has done for the mind.'
Printing Press
76.1%
'Astronomy compels the soul to look upwards and leads us from this world to another.'
Astronomy
75.7%
'The bureaucracy is expanding to meet the needs of the expanding bureaucracy.'
Civil Service
74.8%
'Chemistry means the difference between poverty and starvation and the abundant life.'
Chemistry
74.6%
'It has been said that democracy is the worst form of government except all the others that have been tried.'
Democracy
74.1%
'When I give food to the poor, they call me a saint. When I ask why the poor have no food, they call me a communist.'
Communism
73.4%
Quote
Technology
% Correct
'Corporation, n. An ingenious device for obtaining individual profit without individual responsibility.'
Corporation
73.1%
'Artillery adds dignity to what would otherwise be a vulgar brawl.'
Artillery
70.9%
'You can get more of what you want with a kind word and a gun than you can with just a kind word.'
Gunpowder
70.2%
'Nature herself has imprinted on the minds of all the idea of God.'
Mysticism
69.8%
'Everything is worth what its purchaser will pay for it.'
Currency
69.8%
'A god from the machine'
Machinery
69.3%
'We will make electricity so cheap that only the rich will burn candles.'
Electricity
69%
'Some books are to be tasted, others to be swallowed, and some to be chewed and digested.'
Literature
68.9%
'For once you have tasted flight you will walk the earth with your eyes turned skywards, for there you have been and there you will long to return.'
Flight
65.3%
'To every action there is always opposed an equal reaction.'
Physics
64.5%
'I just want to say one word to you. Just one word: plastics.'
Plastics
64.3%
'As to diseases make a habit of two things -
to help, or at least, to do no harm.'
Medicine
61.2%
'You would make a ship sail against the winds and currents by lighting a bon-
fire under her deck? I have no time for such nonsense.'
Steam Power
60.7%
'Never trust a computer you can't throw out a window.'
Computers
59.6%
'The wisest men follow their own direction.'
Compass
58.8%
'For everything there is a season and a time for every purpose under heaven.'
Calendar
58.3%
'People of the same trade seldom meet together, even for merriment and diversion, but the conversation ends in a conspiracy against the public.'
Guilds
57.2%
'One doesn't discover new lands without losing sight of the shore.'
Optics
57%
'Soon it will be a sin for parents to have a child which carries the heavy burden of genetic disease.'
Genetics
56.1%
'There is one rule for the industrialist and that is: Make the best quality of goods possible at the lowest cost possible, paying the highest wage possible.'
Industrialism
55.8%
'Words have the power to both destroy and heal. When words are both true and kind, they can change our world.'
Alphabet
55.4%
'The future will be better tomorrow.'
Future Tech
55%
'People can have the Model T in any color -
so long as it's black.'
Assembly Line
54.7%
'Compound interest is the most powerful force in the universe.'
Economics
54.3%
'There is no wealth like knowledge, no poverty like ignorance.'
Education
54.1%
'Then one fine mornin' she puts on a New York station. You know her life was saved by Rock 'n' Roll.'
Radio
53.7%
'I am the state.'
Divine Right
53.6%
'To bring about the rule of righteousness in the land, so that the strong should not harm the weak.'
Code of Laws
52.9%
'Two cities have been formed by two loves: the earthly by the love of self; the heavenly by the love of God.'
Theology
52.8%
Quote
Technology
% Correct
'The Lord bless you and keep you; the Lord make His face to shine upon you and be gracious to you; the Lord lift up His countenance upon you and give you peace.'
Priesthood
52.3%
'Any society that would give up a little liberty to gain a little security will deserve neither and lose both.'
Liberalism
51.6%
'Political power grows out of the barrel of a gun.'
Rifling
50.6%
'It is not the strongest of the species that survive, but the one most responsive to change.'
Biology
50.5%
'I fooled you, I fooled you, I got pig iron, I got pig iron, I got all pig iron.'
Railroad
50.2%
'Beep... beep... beep... beep...'
Satellites
49.9%
'I will to my lord be true and faithful, and love all which he loves and shun all which he shuns.'
Feudalism
49.8%
'If the radiance of a thousand suns were to burst at once into the sky, that would be like the splendor of the Mighty One... I am become Death, the Shatterer of Worlds.'
Fission
49.8%
'And on the pedestal these words appear: 'My name is Ozymandias, king of kings: Look on my works, ye Mighty, and despair!' Nothing beside remains.'
Construction
49.4%
'A designer knows he has achieved perfection not when there is nothing left to add, but when there is nothing left to take away.'
Engineering
48.9%
'The whole is more than the sum of its parts.'
Replaceable Parts
48.1%
'The only thing worse than being talked about is not being talked about.'
Mass Media
47.9%
'The great masses of the people... will more easily fall victims to a big lie than to a small one.'
Fascism
46.2%
'And them that take the sword shall perish by the sword.'
Metal Casting
44.3%
'A man does not have himself killed for a half-
pence a day or for a petty distinction. You must speak to the soul in order to electrify him.'
Nationalism
42.4%
'Victorious warriors win first and then go to war, while defeated warriors go to war first and then seek to win.'
Military Tradition
40.8%
'We do not inherit the earth from our ancestors, we borrow it from our children.'
Ecology
40.5%
'Tell me what you eat, and I will tell you what you are.'
Refrigeration
40.2%
'The Earth is the cradle of the mind, but one cannot eternally live in a cradle.'
Rocketry
39.6%
'No freeman shall be taken, imprisoned, or in any other way destroyed, except by the lawful judgment of his peers.'
Constitution
39.2%
'I cannot live without books.'
Paper
38.8%
'I do not feel obliged to believe that the same God who has endowed us with sense, reason, and intellect has intended us to forgo their use.'
Scientific Method
38.5%
'The real problem is not whether machines think, but whether men do.'
Robotics
36.1%
'Everything in life is somewhere else, and you get there in car.'
Combustion
34.8%
'Before that steam drill shall beat me down, I'll die with my hammer in my hand.'
Steel
31.5%
'Any sufficiently advanced technology is indistinguishable from magic.'
Fusion
28.8%
'The whole is greater than the sum of its parts.'
Composites
19.3%
'There is a single light of science and to brighten it anywhere is to brighten it everywhere.'
Fiber Optics
18.6%
Quiz Playlist
Details
Report
Send in Message
Add To Playlist
Classic:
Type in answers that appear in a list
Forced Order:
Answers have to be entered in order
Quiz Source
Last Updated: Feb 16, 2017
Quiz Scoreboard
CHALLENGE
Sign Up to Join the Scoreboard
Show All
Scores
Hide
Comments
May contain spoilers
Recently Published
Street Fighter Characters
by Artimus82
Gaming
60s
9x9 Crossword: Cartoon Network
by jackfrog10
Miscellaneous
3m
College Basketball Coaching Resumes
by pancakes188
Sports
9m
More to Explore
Quiz From the Vault
Featured Blog Post
Where Did the Easter Bunny Come From?
hide this ad
You Might Also Like...
Tags
Quote Quiz
Civilization
tech
Technology
Today's Top Quizzes in Gaming
Browse Gaming
hide this ad
Today's Top Quizzes in Quote
Browse Quote
Top Contributed Quizzes in Gaming
1
5-to-1: Consoles
2
7-to-1: Board Game Piece Blitz
3
5-to-1: Legend of Zelda
4
League of Legends Pro Players by Career/Team History
5
Destiny 2 exotic weapons by perk icons
6
Ultimate Genshin Impact Logic Puzzle (up to 4.3)
7
Franchise by Action Figure
8
Who's on the WWE 2K24 Cover?
9
Genshin Impact Logic Puzzle Quiz
10
Order the Pokémon Regions
Explore More
Trending Topics
Anime
Harry Potter
Crossword
Marvel
Disney
Kpop
NBA
Pokémon
The Office
WWE
Soccer
Country
NFL
Puzzle
Song
hide this ad
More By:
oxguy3
Quiz
Plays
Rating
Category
Featured
Created
Latin Noun Endings
102,545
4.39
Language
Aug 29, 2010
Minecraft Mobs by Spawn Egg
10,193
4.78
Gaming
Mar 8, 2012
Latin Personal Pronouns
8,056
4.50
Language
Sep 30, 2010
Civilization 4 Tech Quotes
2,318
4.57
Gaming
Nov 23, 2009
Latin Relative Pronoun - Quī, Quae, Quod
1,698
4.00
Language
Oct 17, 2010
Go to Creator's Profile
Score Distribution
Quiz Creator Spotlight
oxguy3
Follow
Send a Message
Quizzes Created
-
Created Quiz Play Count
-
More By This Creator
Popular Quizzes Today
1
Find the US States - No Outlines Minefield
2
Find the Countries of Europe - No Outlines Minefield
3
The Countries of the World
4
Find the US States
5
Risky Map Clicking: Biggest States A-Z
6
US States
7
Popular People in 1961
8
Movies - When Are They Set?
More Gaming Quizzes
Clue and Risk: A Colorful Match
Editor's Pick
Trending Quizzes
Risky Map Clicking: Least Populous States A-Z
Countries of the World: 200 Million BC
1-10 Letter G Words
Risky Map Clicking: Next State Alphabetically
Adjectives in 80s TV Shows
Recently Updated
Leaping Animals
pecheneg
Reality TV Shows (A-Z)
bhenderson79
Rickey Henderson's Hall of Fame Teammates
pecheneg
Champions League XIs: Arsenal
pecheneg
Quick Pick: Celebrities in WWE's Hall of Fame
aduchscher
A-Z Keypad Blitz II
pecheneg
Multiple Oscar Actors
pecheneg
Mystery Phrase Blitz: Oscar 'Best Actors'
pecheneg
F. Scott Fitzgerald Novels
LTH
Pick 3 Villains
ddd62291
Trending Topics
Marvel
NBA
Anime
Harry Potter
Crossword
Kpop
Disney
WWE
Soccer
The Office
NFL
Country
Pokémon
Song
Puzzle
Your Account Isn't Verified!
In order to create a playlist on Sporcle, you need to verify the email address you used during registration. Go to your
Sporcle Settings
to finish the process.
Report this User
Report this user for behavior that violates our
Community Guidelines
.
Details:
Send Report
Go to the Sporcle.com Mobile Site →
Comments